000 00216nam a22000857a 4500
008 161022b xxu||||| |||| 00| 0 eng d
100 _9918
_aDumas.A.
245 _aThe Three Musketeers
260 _aNewyork
_bB.B. Publications
999 _c3573
_d3573